|
|
|
|
| LEADER |
00000nam a2200000 i 4500 |
| 005 |
20170926182329.0 |
| 007 |
cr|||| |||| |
| 008 |
160919s2016 000 0 spa d |
| 020 |
|
|
|a 9788416608324
|
| 035 |
|
|
|a 20595
|
| 040 |
|
|
|a SpMaUCCP
|b spa
|d BUS
|d vLex
|
| 080 |
|
|
|a 349.22
|
| 090 |
|
|
|c 7003
|d 7003
|
| 245 |
0 |
0 |
|a Balance de la reforma laboral de 2012
|h [Recurso electrn̤ico] /
|c Francesc Přez Amors̤, Eduardo Rojo Torrecilla (directores) ; Helena Yss̉ Molinero (coordinadora)
|
| 256 |
|
|
|a Servicio en ln̕ea
|
| 260 |
|
|
|a Albacete :
|b Bomarzo,
|c 2016.
|
| 300 |
|
|
|a 382 p. ;
|c 24 cm.
|
| 490 |
1 |
|
|a Estudios.
|
| 506 |
0 |
|
|a Contenido disponible solo en los productos indicados
|d vLex Global
|d vLex Global (Academic Edition, excluding Law Schools)
|d vLex Global (U.S. Academic Edition, Law Schools)
|d vLex Global (U.S. Academic Edition, excluding Law Schools)
|d vLex Global (Academic Edition, Law Schools)
|
| 650 |
0 |
4 |
|a Normas de trabajo -
|z Espaą.
|
| 650 |
0 |
4 |
|a Derecho laboral
|z Espaą
|
| 700 |
1 |
|
|a Přez Amors̤, Francesc,
|e dir.
|
| 700 |
1 |
|
|a Rojo Torrecilla, Eduardo,
|e dir.
|
| 700 |
1 |
|
|a Yss̉ Molinero, Helena,
|e coord.
|
| 740 |
0 |
|
|a vLex Libros (Servicio en ln̕ea)
|
| 856 |
4 |
0 |
|u http://vlex.com/source/balance-reforma-laboral-2012-20595
|z Acceso restringido
|
| 942 |
|
|
|c BOOK
|
| 999 |
0 |
|
|a Labor laws and legislation
|